<?xml version="1.0" encoding="UTF-8"?>
<collection xmlns="http://www.loc.gov/MARC21/slim">
 <record>
  <leader>01051nab a2200193 i 4500</leader>
  <controlfield tag="001">univ64029</controlfield>
  <controlfield tag="005">20221024141119.0</controlfield>
  <controlfield tag="008">221024s2022    hu      o     0||   hun d</controlfield>
  <datafield tag="040" ind1=" " ind2=" ">
   <subfield code="a">SZTE UnivHistória Repozitórium</subfield>
   <subfield code="b">hun</subfield>
  </datafield>
  <datafield tag="041" ind1=" " ind2=" ">
   <subfield code="a">hun</subfield>
  </datafield>
  <datafield tag="100" ind1="1" ind2=" ">
   <subfield code="a">T. K.</subfield>
  </datafield>
  <datafield tag="245" ind1="1" ind2="3">
   <subfield code="a">Az indonéz kultúrával lehetett ismerkedni</subfield>
   <subfield code="h">[elektronikus dokumentum] /</subfield>
   <subfield code="c"> T. K.</subfield>
  </datafield>
  <datafield tag="260" ind1=" " ind2=" ">
   <subfield code="c">2022-10-22</subfield>
  </datafield>
  <datafield tag="300" ind1=" " ind2=" ">
   <subfield code="a">1,4</subfield>
  </datafield>
  <datafield tag="490" ind1="0" ind2=" ">
   <subfield code="a">Délmagyarország</subfield>
   <subfield code="v">112 No. 247</subfield>
  </datafield>
  <datafield tag="561" ind1=" " ind2=" ">
   <subfield code="a">Egyetemi hirarchívum</subfield>
  </datafield>
  <datafield tag="695" ind1=" " ind2=" ">
   <subfield code="a">Rektori Épület, Rendezvény - &quot;Hősök Napja&quot; - indonéz diákok kulturális délutánja, Külföldi egyetemi hallgatók, Nemzetközi kapcsolatok - Indonézia, Megnyitó - Csúri-Magosi Rita Eszter - nemzetközi ügyvivő szakértő, SZTE Nemzetközi és Közkapcsolati Igazgatóság - NKI, Ösztöndíj - Indonesian International Student Mobility Awards</subfield>
  </datafield>
  <datafield tag="700" ind1="0" ind2="1">
   <subfield code="a">Sándor Judit</subfield>
  </datafield>
  <datafield tag="856" ind1="4" ind2="0">
   <subfield code="u">http://univ.bibl.u-szeged.hu/64029/1/2022-10-22%2003_00_00_D%C3%A9lmagyarorsz%C3%A1g_Az%20indon%C3%A9z%20kult%C3%BAr%C3%A1val%20lehetett%20ismerkedni.pdf</subfield>
   <subfield code="z">Dokumentum-elérés </subfield>
  </datafield>
 </record>
</collection>
